(Khmer) Stay alive my son / (Record no. 48931)
| 000 -LEADER | |
|---|---|
| fixed length control field | 00343nam a2200109 4500 |
| 020 ## - INTERNATIONAL STANDARD BOOK NUMBER | |
| International Standard Book Number | 9789924556084 |
| 245 ## - TITLE STATEMENT | |
| Title | (Khmer) Stay alive my son / |
| Statement of responsibility, etc | Pin Yathay. |
| 260 ## - PUBLICATION, DISTRIBUTION, ETC. (IMPRINT) | |
| Place of publication, distribution, etc | Cambodia: |
| Name of publisher, distributor, etc | My Bookshop Press; |
| Date of publication, distribution, etc | 2022. |
| 300 ## - PHYSICAL DESCRIPTION | |
| Extent | 343 p. |
| Dimensions | 21cm. |
| 650 ## - SUBJECT ADDED ENTRY--TOPICAL TERM | |
| Topical term or geographic name as entry element | Political refugees. Cambodia - History 1975-1979. |
| Geographic subdivision | Cambodia. |
| 9 (RLIN) | 86314 |
| 942 ## - ADDED ENTRY ELEMENTS (KOHA) | |
| Source of classification or shelving scheme | |
| Koha item type | Khmer NON FIC Books |
| Withdrawn status | Lost status | Source of classification or shelving scheme | Damaged status | Not for loan | Collection code | Home library | Current library | Shelving location | Date acquired | Total Checkouts | Full call number | Barcode | Date last seen | Date checked out | Price effective from | Koha item type |
|---|---|---|---|---|---|---|---|---|---|---|---|---|---|---|---|---|
| Siem Riep | Asian Hope Secondary Library | Asian Hope Secondary Library | 05/15/2025 | 1 | KHMER 959.604 PIN | 208294 | 01/16/2026 | 08/18/2025 | 05/15/2025 | Khmer NON FIC Books |